Normal view
MARC view
- النحو-علم اصول النحو
Entry Topical Term
001 - CONTROL NUMBER
- control field: 14330
003 - CONTROL NUMBER IDENTIFIER
- control field: JO-AjAnu
005 - DATE AND TIME OF LATEST TRANSACTION
- control field: 20230606072605.0
008 - FIXED-LENGTH DATA ELEMENTS
- fixed length control field: 230606|| aca||aabn | a|a d
040 ## - CATALOGING SOURCE
- Original cataloging agency: JO-AjAnu
- Transcribing agency: JO-AjAnu
150 ## - HEADING--TOPICAL TERM
- Topical term or geographic name entry element: النحو-علم اصول النحو
670 ## - SOURCE DATA FOUND
- Source citation: Work cat.: (JO-AjAnu)7363: تاليف المغربي الجزائري،يحيى بن محمد أبي زكريا الشاوي, author 14329, إرتقاء السيادة في علم أصول النحو